Movie Quiz! #4 - Statistics

General Stats
  • This quiz has been taken 41 times
  • The average score is 14 of 20
Answer Stats
Picture Answer % Correct
Cars
91%
Top Gun
91%
Sonic
88%
Back To The Future
82%
Grease
82%
Ratatouille
82%
Monsters Inc
79%
Up
79%
Ice Age
76%
Transformers
74%
Wall E
68%
The Hobbit
65%
Fantastic Four
62%
Mad Max
62%
James Bond
56%
Mission Impossible
56%
X-Men
47%
Twilight
44%
Spirited Away
41%
Fast & The Furious
38%
No matching quizzes found
Score Distribution
Percent of People with Each Score
Percentile by Number Answered
Your Score History
You have not taken this quiz